| 000 | 00702mam a2200241 a 4500 | ||
|---|---|---|---|
| 008 | |||
| 020 | _a0881677167 (hbk.) | ||
| 049 | _aMAIN | ||
| 090 |
_aRC386.6 _bMAG |
||
| 245 | 0 | 0 |
_aMagnetoencephalography / _ceditor, Susumu Sato. |
| 260 |
_aNew York : _bRaven Press, _c1990. |
||
| 300 |
_axiv, 290 p. : _bill. ; _c26 cm. |
||
| 440 | 0 |
_aAdvances in neurology ; _v. 54 |
|
| 500 | _aIncludes index. | ||
| 504 | _aIncludes bibliographical references. | ||
| 650 | 0 | _aMagnetoencephalography. | |
| 700 | 1 | _aSato, Susumu. | |
| 907 |
_a.b10257743 _b02-11-12 _c13-11-08 |
||
| 003 | |||
| 005 | 20230120204007.0 | ||
| 040 | _cNUST | ||
| 942 |
_cBOOKS _kRC386.6 _mMAG |
||
| 999 |
_c115208 _d115208 |
||